| 000 | 00839nam a2200241 i 4500 | ||
|---|---|---|---|
| 001 | 189862 | ||
| 003 | ES-MaACL | ||
| 005 | 20230906223556.0 | ||
| 008 | 191212s1965 sp |||| | spa d | ||
| 100 | 1 |
_aMeier-Menzel, Hans Jürgen. _979829 |
|
| 245 | 1 | 0 |
_aBarandillas, rejas, cancelas de hierro / _c[colaboradores, H.J. Meier-Menzel, T. Gatz, K. Halmburger, traducido por Ursule Fischer]. |
| 260 |
_aBarcelona : _bBlume, _c[1965] |
||
| 300 |
_a119 p. : _bil. ; _c26 cm. |
||
| 490 | 1 |
_aColección "Detalles" ; _v1 |
|
| 650 | 4 |
_aCerrajería- _xModelos. _9169089 |
|
| 650 | 4 |
_aHierros forjados- _xModelos. _9169090 |
|
| 700 | 1 |
_aGatz, T. _9169091 |
|
| 700 | 1 |
_aHalmburger, K. _9169092 |
|
| 700 | 1 |
_aFischer, Ursule. _9169093 |
|
| 830 | 0 |
_aColección "Detalles" ; _v1 _9193448 |
|
| 852 |
_aES-MaACL _jP-1186-1 |
||
| 999 |
_c189862 _d189862 |
||